000 01660nam0a2200349 i 4500
001 RU\NLR\BIBL_A\010407095
005 20240921191823.0
010 _a9785988290414
_9300
021 _aRU
_b2014-29128
_91792
035 _a(NILC)RuMoRGB-006808141
035 _a(NLR Aleph) 010407095
090 _a9734364
_c9734364
100 _a20140620d2013 k y0rusy50 ca
101 0 _arus
102 _aRU
105 _ay|||z|||000yy
200 1 _aЭндемичные растения Урала во флоре Свердловской области
_fП. В. Куликов, Н. В. Золотарева, Е. Н. Подгаевская
_gРоссийская акад. наук, Ин-т экологии растений и животных, Ботанический сад
210 _aЕкатеринбург
_cГощицкий
_d2013
215 _a610, [1] с., [4] л.
_cил., табл.
_d22
300 _aНа пер. авт. не указаны
320 _aБиблиогр.: с. 540-580
320 _aУказ. рус. и лат. назв.: с. 581-611
606 1 _aЭндемические растения
_yСвердловская область
_92217023
_3RU\NLR\AUTH\6601564923
686 1 _aЕ585.11(2Р36-4Св)
700 1 _7ca
_8rus
_aКуликов
_bП. В.
_cканд. биол. наук
_f1964-
_gПавел Владимирович
_9157217
_3RU\NLR\AUTH\770157257
701 1 _aЗолотарева
_bН. В.
_gНаталья Валерьевна
701 1 _aПодгаевская
_bЕ. Н.
_gЕлена Николаевна
801 0 _aRU
_bРГБ
_c20140423
_gRCR
942 _cBOOK
980 _aNBR